000 00741nam a2200241 i 4500
001 18925
003 ES-MaACL
005 20230906151944.0
007 t|
008 020218s1996 sp ||||0| spa d
016 7 _z00000000052813
020 _a84-921649-1-3
040 _aVA-BCL
_bspa
_cVA-BCL
080 _a1(057.53)
245 0 0 _aPasado y presente
_b: diálogos [con] Hans-Georg Gadamer ...[et al.] /
_cMauricio Jalón, Fernando Colina.
260 _aValladolid :
_bCuatro,
_c[1996]
300 _a209 p. ;
_c22 cm.
650 1 4 _aFilósofos-
_vEntrevistas.
_912865
700 1 _aGadamer, Hans Georg.
_953182
700 1 _aJalón, Mauricio.
_965953
700 1 _aColina, Fernando.
_939597
852 _aES-MaACL
_jL-25388
_bR.130214
999 _c18925
_d18925